K problematike chápania spoločenskej zodpovednosti podnikov
Pojem spoločenskej zodpovednosti podnikov (SZP). Rozdielne chápanie SZP z kultúrno-historického hľadiska. Chápanie SZP podľa zámeru, ktoré podniky sledujú jej prijatím.
Guardado en:
| Autor principal: | |
|---|---|
| Formato: | Capítulo de libro |
| Lenguaje: | eslovaco |
| Materias: | |
| Etiquetas: |
Sin Etiquetas, Sea el primero en etiquetar este registro!
|
MARC
| LEADER | 00000nla$a2200000$$$4500 | ||
|---|---|---|---|
| 001 | 0075676 | ||
| 005 | 20220801085341.3 | ||
| 041 | 0 | |a slo | |
| 044 | |a CZ | ||
| 245 | 1 | 0 | |a K problematike chápania spoločenskej zodpovednosti podnikov |c Zuzana Búciová |
| 520 | |a Pojem spoločenskej zodpovednosti podnikov (SZP). Rozdielne chápanie SZP z kultúrno-historického hľadiska. Chápanie SZP podľa zámeru, ktoré podniky sledujú jej prijatím. | ||
| 610 | 2 | 0 | |a firmy |
| 610 | 2 | 0 | |a zodpovednosť spoločenská |
| 610 | 2 | 0 | |a pojmy |
| 610 | 2 | 0 | |a definície |
| 610 | 2 | 0 | |a etika podnikateľská |
| 100 | 1 | |a Búciová, Zuzana | |